[Event "MVP-ch Seniors op 19th"]
[Site "Ostseebad Binz"]
[Date "2019.12.05"]
[Round "9"]
[White "Pamperin, Gerhard"]
[Black "Kahn, Peter"]
[Result "0-1"]
[WhiteElo "1930"]
[BlackElo "2015"]
[PlyCount "112"]
[EventDate "2019.11.27"]
[EventType "swiss"]
[EventRounds "9"]
[EventCountry "GER"]
[SourceTitle "EXT 2021"]
[Source "ChessBase"]
[SourceDate "2020.10.23"]
[SourceVersion "1"]
[SourceVersionDate "2020.10.23"]
[SourceQuality "1"]

1. d4 Nf6 2. Nf3 e6 3. c4 b6 4. g3 Bb7 5. Bg2 Be7 6. 0-0 0-0 7. Nc3 d5 8. cxd5 Nxd5 9. Bd2 Nd7 10. Nxd5 Bxd5 11. Qc2 c5 12. dxc5 Nxc5 13. Bc3 Rc8 14. Rfd1 Qc7 15. Nd2 Bxg2 16. Kxg2 Qc6+ 17. f3 Na4 18. Rac1 Nxc3 19. Qb3 Qd5 20. bxc3 Rfd8 21. Nf1 Qe5 22. Rxd8+ Rxd8 23. Re1 Bc5 24. Qc2 Qd6 25. h4 h5 26. Qe4 g6 27. Qc4 Kg7 28. g4 hxg4 29. Qxg4 Qe5 30. Qe4 Rd5 31. e3 Qd6 32. Re2 Qe5 33. Re1 Qf6 34. Kg3 Be7 35. Re2 Rc5 36. Qd4 Rxc3 37. Qxf6+ Bxf6 38. Kg4 Be5 39. f4 f5+ 40. Kf3 Bf6 41. h5 gxh5 42. Ng3 Kh6 43. Rd2 h4 44. Ne2 Ra3 45. Rd6 Rxa2 46. Rxe6 Kg6 47. Nc3 Rd2 48. Nb5 h3 49. Rc6 h2 50. Rc1 Bh4 51. e4 fxe4+ 52. Kxe4 Rg2 53. Rh1 a6 54. Nc7 Bg3 55. f5+ Kf7 56. Nxa6 Rg1 0-1

[Event "MVP-ch Seniors op 18th"]
[Site "Ostseebad Binz"]
[Date "2018.12.05"]
[Round "8"]
[White "Kahn, Peter"]
[Black "Manthey, Juergen"]
[Result "1/2-1/2"]
[WhiteElo "1975"]
[BlackElo "2060"]
[PlyCount "70"]
[EventDate "2018.11.28"]
[EventType "swiss"]
[EventRounds "9"]
[EventCountry "GER"]
[SourceTitle "CBM 188 Extra"]
[Source "ChessBase"]
[SourceDate "2019.02.26"]
[SourceVersion "1"]
[SourceVersionDate "2019.02.26"]
[SourceQuality "1"]

1. e4 c5 2. c3 d5 3. exd5 Qxd5 4. d4 Nc6 5. Nf3 Nf6 6. Na3 cxd4 7. Nb5 Qd8 8. Nbxd4 Nxd4 9. Qxd4 Qxd4 10. Nxd4 a6 11. Bg5 e5 12. Nf3 Bd6 13. Bxf6 gxf6 14. g3 0-0 15. Bg2 Be6 16. 0-0 Rab8 17. Rfd1 Be7 18. Nd2 b5 19. b3 Rfc8 20. Rac1 f5 21. Bf1 Bg5 22. c4 Rd8 23. f4 exf4 24. Nf3 Be7 25. Rxd8+ Bxd8 26. cxb5 axb5 27. gxf4 Bb6+ 28. Kg2 Be3 29. Re1 Bxf4 30. Nd4 Bd5+ 31. Kg1 Be4 32. Bh3 Be5 33. Nxf5 Bxf5 34. Bxf5 Bd4+ 35. Kg2 b4 1/2-1/2

[Event "MVP-ch Seniors op 18th"]
[Site "Ostseebad Binz"]
[Date "2018.11.29"]
[Round "2"]
[White "Kahn, Peter"]
[Black "Weidlich, Guenter"]
[Result "1/2-1/2"]
[WhiteElo "1975"]
[BlackElo "2185"]
[PlyCount "36"]
[EventDate "2018.11.28"]
[EventType "swiss"]
[EventRounds "9"]
[EventCountry "GER"]
[SourceTitle "CBM 188 Extra"]
[Source "ChessBase"]
[SourceDate "2019.02.26"]
[SourceVersion "1"]
[SourceVersionDate "2019.02.26"]
[SourceQuality "1"]

1. e4 g6 2. d4 Bg7 3. Nc3 c6 4. Nf3 d6 5. Be2 b5 6. 0-0 Nd7 7. Be3 Qc7 8. a4 b4 9. Nb1 Ngf6 10. Nbd2 0-0 11. a5 Re8 12. h3 c5 13. c3 Rb8 14. Qc2 cxd4 15. Bxd4 Nh5 16. Bxg7 Nxg7 17. Nd4 a6 18. cxb4 Qxc2 1/2-1/2

[Event "MVP-ch Seniors op 16th"]
[Site "Binz"]
[Date "2016.11.24"]
[Round "2.17"]
[White "Fleischer, Martin"]
[Black "Kahn, Peter"]
[Result "1-0"]
[WhiteElo "1936"]
[BlackElo "2062"]
[PlyCount "121"]
[EventDate "2016.11.23"]
[EventType "swiss"]
[EventRounds "9"]
[EventCountry "GER"]
[SourceTitle "EXT 2018"]
[Source "ChessBase"]
[SourceDate "2017.10.13"]
[SourceVersion "1"]
[SourceVersionDate "2017.10.13"]
[SourceQuality "1"]

1. e4 e5 2. Nf3 Nc6 3. Bb5 g6 4. c3 a6 5. Ba4 d6 6. h3 Bg7 7. a3 Nf6 8. d3 0-0 9. Bg5 h6 10. Be3 Kh7 11. c4 Bd7 12. Nc3 Ne7 13. b4 c6 14. Rb1 b5 15. Bb3 Nfg8 16. a4 Be6 17. cxb5 d5 18. d4 Qd6 19. dxe5 Qxb4 20. Qd4 Qxd4 21. Bxd4 axb5 22. axb5 dxe4 23. Nxe4 Bxb3 24. Rxb3 cxb5 25. 0-0 Nc6 26. Rxb5 Rfe8 27. Bc3 Ra4 28. Nd6 Re7 29. Rc5 Nd8 30. Rb1 Ra8 31. Rcb5 Ne6 32. Rb7 Nd8 33. Rxe7 Nxe7 34. Rb3 Kg8 35. Ne8 Nd5 36. Nxg7 Nxc3 37. Ne8 Ne4 38. Nf6+ Nxf6 39. exf6 g5 40. h4 Ne6 41. hxg5 hxg5 42. Rb5 Kh7 43. Nxg5+ Kg6 44. Ne4 Rd8 45. g3 Rd4 46. Re5 Rd1+ 47. Kg2 Rd4 48. f4 Kh7 49. Ng5+ Nxg5 50. Rxg5 Rd6 51. Rg7+ Kh6 52. Rxf7 Kg6 53. Rf8 Rd3 54. g4 Rd4 55. Kf3 Ra4 56. f5+ Kg5 57. f7 Kf6 58. Re8 Kxf7 59. Re4 Ra5 60. Kf4 Ra1 61. Rb4 1-0

[Event "MVP-ch Seniors op 16th"]
[Site "Binz"]
[Date "2016.11.23"]
[Round "1.19"]
[White "Kahn, Peter"]
[Black "Schulz, Gerhard1111"]
[Result "1-0"]
[WhiteElo "2062"]
[BlackElo "1830"]
[PlyCount "65"]
[EventDate "2016.11.23"]
[EventType "swiss"]
[EventRounds "9"]
[EventCountry "GER"]
[SourceTitle "EXT 2018"]
[Source "ChessBase"]
[SourceDate "2017.10.13"]
[SourceVersion "1"]
[SourceVersionDate "2017.10.13"]
[SourceQuality "1"]

1. e4 e6 2. d4 d5 3. Nd2 Nf6 4. e5 Nfd7 5. f4 c5 6. c3 Nc6 7. Ndf3 cxd4 8. cxd4 Bb4+ 9. Kf2 f6 10. g3 fxe5 11. fxe5 0-0 12. Kg2 Be7 13. Bd3 Qe8 14. Ne2 Nb6 15. a3 Bd7 16. Qc2 Kh8 17. Rf1 Rc8 18. Qb1 g6 19. Bh6 Rg8 20. Ng5 Bxg5 21. Bxg5 Rf8 22. Bf6+ Kg8 23. h4 Ne7 24. g4 Bb5 25. Nc3 Bxd3 26. Qxd3 a6 27. Qd2 Nc6 28. Qh6 Rc7 29. Rh1 Nc4 30. h5 gxh5 31. Rxh5 Rxf6 32. exf6 Qf8 33. Rg5+ 1-0

[Event "Sachsen-ch Seniors op"]
[Site "Dresden"]
[Date "2016.11.05"]
[Round "6"]
[White "Kahn, Peter"]
[Black "Klimpel, Siegfried"]
[Result "1/2-1/2"]
[WhiteElo "2069"]
[BlackElo "1848"]
[PlyCount "38"]
[EventDate "2016.10.31"]
[EventType "swiss"]
[EventRounds "9"]
[EventCountry "GER"]
[SourceTitle "EXT 2019"]
[Source "ChessBase"]
[SourceDate "2018.10.10"]
[SourceVersion "1"]
[SourceVersionDate "2018.10.10"]
[SourceQuality "1"]

1. d4 d5 2. Nf3 Bf5 3. c4 Nf6 4. Nc3 e6 5. Qb3 b6 6. e3 Be7 7. cxd5 Nxd5 8. Nxd5 exd5 9. Bd2 0-0 10. Rc1 a5 11. a3 Na6 12. Ne5 Nb8 13. Be2 c5 14. Bf3 Be6 15. Qb5 Qd6 16. Nc4 Qd7 17. Qxd7 Nxd7 18. Ne5 Nxe5 19. dxe5 b5 1/2-1/2

[Event "Sachsen-ch Seniors op"]
[Site "Dresden"]
[Date "2016.11.03"]
[Round "4"]
[White "Kahn, Peter"]
[Black "Kempe, Rainer"]
[Result "0-1"]
[WhiteElo "2069"]
[BlackElo "1989"]
[PlyCount "76"]
[EventDate "2016.10.31"]
[EventType "swiss"]
[EventRounds "9"]
[EventCountry "GER"]
[SourceTitle "EXT 2019"]
[Source "ChessBase"]
[SourceDate "2018.10.10"]
[SourceVersion "1"]
[SourceVersionDate "2018.10.10"]
[SourceQuality "1"]

1. e4 e5 2. Nf3 Nc6 3. Bc4 Be7 4. 0-0 Nf6 5. d3 d6 6. h3 0-0 7. Nc3 Na5 8. Bb3 c6 9. Re1 b5 10. Bg5 a6 11. Ne2 Qc7 12. Ng3 Be6 13. Nh4 h6 14. Bxf6 Bxf6 15. Nhf5 Nxb3 16. axb3 Bxf5 17. Nxf5 Kh7 18. Qf3 Qd8 19. g3 g6 20. Ne3 Bg5 21. Ng2 h5 22. g4 h4 23. Ne3 Kg7 24. Qe2 Qb6 25. Kg2 Ra7 26. f3 a5 27. Qf2 Ra6 28. Nf1 Qb7 29. c3 c5 30. Ne3 Rfa8 31. Nd5 b4 32. d4 cxd4 33. cxd4 Rc6 34. Re2 Qb5 35. dxe5 dxe5 36. f4 exf4 37. Qd4+ Bf6 38. e5 Qxe2+ 0-1

[Event "Schleswig Holstein-ch Seniors op 10th"]
[Site "Buesum"]
[Date "2016.10.02"]
[Round "7"]
[White "Ackermann, Hans Werner"]
[Black "Kahn, Peter"]
[Result "1-0"]
[WhiteElo "2360"]
[BlackElo "2069"]
[PlyCount "139"]
[EventDate "2016.09.26"]
[EventType "swiss"]
[EventRounds "9"]
[EventCountry "GER"]
[SourceTitle "EXT 2019"]
[Source "ChessBase"]
[SourceDate "2018.10.10"]
[SourceVersion "1"]
[SourceVersionDate "2018.10.10"]
[SourceQuality "1"]

1. Nf3 c5 2. b3 Nc6 3. Bb2 d6 4. g3 e5 5. d3 Nf6 6. Bg2 Be7 7. c4 Bd7 8. Nc3 0-0 9. 0-0 a6 10. e3 Rb8 11. h3 Qc7 12. Qe2 Rfe8 13. Nd2 b5 14. g4 h6 15. Nde4 b4 16. Nxf6+ Bxf6 17. Ne4 Bh4 18. Nd2 Ne7 19. a3 a5 20. axb4 axb4 21. Ra2 Bc6 22. Rfa1 Bxg2 23. Kxg2 Nc6 24. Qf3 Rb7 25. Ra6 Rb6 26. Ne4 Be7 27. R6a4 Rb7 28. Ng3 Ra7 29. Rxa7 Nxa7 30. Ra6 Rb8 31. d4 exd4 32. exd4 Qb7 33. Qxb7 Rxb7 34. d5 Rd7 35. Nf5 Bf8 36. Bc1 Nc8 37. Bf4 g6 38. Ra8 gxf5 39. Rxc8 Kg7 40. Bxh6+ Kxh6 41. Rxf8 fxg4 42. hxg4 Kg7 43. Ra8 Kf6 44. f4 Re7 45. Rd8 Re3 46. Rxd6+ Ke7 47. Rc6 Rxb3 48. Rxc5 Rc3 49. Rc6 b3 50. c5 Kd7 51. Rb6 Rxc5 52. Rxb3 Rxd5 53. Kf3 Ke7 54. g5 Kf8 55. Kg4 Kg7 56. f5 Rd1 57. Rb4 Rh1 58. Rc4 Rf1 59. Rc3 Rg1+ 60. Rg3 Ra1 61. Rf3 Rg1+ 62. Kf4 Ra1 63. Rf2 Ra4+ 64. Kf3 Rb4 65. Rf1 Ra4 66. Rb1 Rc4 67. Rb7 Rc3+ 68. Ke4 Rc1 69. g6 Re1+ 70. Kd3 1-0

[Event "Schleswig Holstein-ch Seniors op 10th"]
[Site "Buesum"]
[Date "2016.10.01"]
[Round "6"]
[White "Kahn, Peter"]
[Black "Gudat, Alfons"]
[Result "1-0"]
[WhiteElo "2069"]
[BlackElo "1930"]
[PlyCount "105"]
[EventDate "2016.09.26"]
[EventType "swiss"]
[EventRounds "9"]
[EventCountry "GER"]
[SourceTitle "EXT 2019"]
[Source "ChessBase"]
[SourceDate "2018.10.10"]
[SourceVersion "1"]
[SourceVersionDate "2018.10.10"]
[SourceQuality "1"]

1. e4 c5 2. c3 Nf6 3. e5 Nd5 4. d4 cxd4 5. Nf3 Nc6 6. cxd4 e6 7. Bc4 d6 8. 0-0 Be7 9. Qe2 0-0 10. Nc3 Nb6 11. Bb3 d5 12. Bf4 f5 13. Rfd1 g5 14. Be3 f4 15. Bc1 Bd7 16. Ne1 Be8 17. Qg4 Qd7 18. Bc2 h5 19. Qe2 Nb4 20. Bb1 Kg7 21. a3 Nc6 22. Qd3 Rh8 23. g3 Rh6 24. gxf4 Bg6 25. Qe2 Bxb1 26. Rxb1 gxf4 27. Bxf4 Rg6+ 28. Kh1 Rf8 29. Be3 Qe8 30. Nd3 Qf7 31. Rg1 Qf3+ 32. Qxf3 Rxf3 33. Nf4 Rxf4 34. Bxf4 Nxd4 35. Rbd1 Nf3 36. Rxg6+ Kxg6 37. Rd3 Nh4 38. Nb5 Kf5 39. Bg3 Ng6 40. Re3 h4 41. Nd4+ Kg4 42. f3+ Kh5 43. Bf2 Nc4 44. Re2 Nf4 45. Rc2 Nd3 46. Nxe6 Ndxb2 47. Nf4+ Kg5 48. Nxd5 Bxa3 49. Ne3 b5 50. Nxc4 bxc4 51. Bd4 Nd3 52. Rxc4 Nf4 53. Be3 1-0

[Event "GER-chA Seniors 28th"]
[Site "Niederhausen"]
[Date "2016.08.16"]
[Round "4"]
[White "Kahn, Peter"]
[Black "Herbrechtsmeier, Christof"]
[Result "0-1"]
[WhiteElo "2093"]
[BlackElo "2257"]
[PlyCount "42"]
[EventDate "2016.08.13"]
[EventType "swiss"]
[EventRounds "9"]
[EventCountry "GER"]
[SourceTitle "EXT 2019"]
[Source "ChessBase"]
[SourceDate "2018.10.10"]
[SourceVersion "1"]
[SourceVersionDate "2018.10.10"]
[SourceQuality "1"]

1. e4 c5 2. c3 d5 3. exd5 Qxd5 4. d4 g6 5. Be3 Nf6 6. dxc5 Qxd1+ 7. Kxd1 Bg7 8. Bd3 Ng4 9. Ke2 Nxe3 10. Kxe3 Nd7 11. Nd2 Nxc5 12. Bb5+ Nd7 13. Nc4 0-0 14. Rd1 Nf6 15. Na5 Be6 16. Nb3 a6 17. Bd3 Ng4+ 18. Ke2 Ne5 19. Nf3 Nxd3 20. Kxd3 Rfd8+ 21. Nfd4 Bxb3 0-1

[Event "GER-chA Seniors 28th"]
[Site "Niederhausen"]
[Date "2016.08.15"]
[Round "3"]
[White "Sailer, Hans Peter"]
[Black "Kahn, Peter"]
[Result "0-1"]
[WhiteElo "1955"]
[BlackElo "2093"]
[PlyCount "126"]
[EventDate "2016.08.13"]
[EventType "swiss"]
[EventRounds "9"]
[EventCountry "GER"]
[SourceTitle "EXT 2019"]
[Source "ChessBase"]
[SourceDate "2018.10.10"]
[SourceVersion "1"]
[SourceVersionDate "2018.10.10"]
[SourceQuality "1"]

1. e4 e5 2. Nf3 Nc6 3. Bb5 g6 4. d4 exd4 5. Nxd4 Bg7 6. Be3 Nf6 7. Nc3 0-0 8. 0-0 Ng4 9. Qxg4 Nxd4 10. Ba4 d6 11. Qd1 Nc6 12. Qd2 Be6 13. f4 f5 14. Bxc6 bxc6 15. Bd4 Bxd4+ 16. Qxd4 c5 17. Qe3 fxe4 18. Qxe4 Qd7 19. Rae1 Rae8 20. Qd3 Qf7 21. b3 Bf5 22. Qd2 Kg7 23. a4 Bc8 24. Nd5 Be6 25. Nc3 d5 26. Re5 c6 27. g3 Bh3 28. Rfe1 Rxe5 29. Rxe5 Re8 30. Qe1 Bd7 31. Kf2 Rxe5 32. Qxe5+ Qf6 33. Qxf6+ Kxf6 34. Nd1 Bf5 35. Ne3 Be4 36. Ke2 h5 37. Kd2 g5 38. fxg5+ Kxg5 39. c3 a5 40. h4+ Kf6 41. Nc2 Ke5 42. b4 cxb4 43. cxb4 axb4 44. Nxb4 c5 45. Nd3+ Bxd3 46. Kxd3 c4+ 47. Ke2 d4 48. a5 Kd5 49. a6 Kc6 50. a7 Kb7 51. a8Q+ Kxa8 52. g4 hxg4 53. h5 d3+ 54. Kd2 g3 55. h6 g2 56. h7 g1Q 57. h8Q+ Kb7 58. Qb2+ Qb6 59. Qg7+ Qc7 60. Qb2+ Kc6 61. Qf6+ Qd6 62. Qf3+ Kc5 63. Qe3+ Kb4 0-1

[Event "GER-chA Seniors 28th"]
[Site "Niederhausen"]
[Date "2016.08.14"]
[Round "2"]
[White "Kahn, Peter"]
[Black "Kluger, Hans Peter"]
[Result "1-0"]
[WhiteElo "2093"]
[BlackElo "1930"]
[PlyCount "91"]
[EventDate "2016.08.13"]
[EventType "swiss"]
[EventRounds "9"]
[EventCountry "GER"]
[SourceTitle "EXT 2019"]
[Source "ChessBase"]
[SourceDate "2018.10.10"]
[SourceVersion "1"]
[SourceVersionDate "2018.10.10"]
[SourceQuality "1"]

1. d4 d5 2. Nf3 c6 3. Bf4 Nf6 4. e3 Bg4 5. c4 e6 6. Qb3 Qc8 7. Ne5 Bf5 8. Nc3 Nbd7 9. Rc1 dxc4 10. Bxc4 Be7 11. 0-0 0-0 12. Qd1 Nxe5 13. Bxe5 Qd7 14. Qe2 Bg4 15. f3 Bh5 16. e4 Ne8 17. Rfd1 f6 18. Bg3 Bf7 19. d5 cxd5 20. exd5 Bc5+ 21. Kh1 e5 22. f4 exf4 23. Bxf4 Nd6 24. Ne4 Nxe4 25. Qxe4 Bd6 26. Qf3 a6 27. Qg3 Rad8 28. Bb3 Rfe8 29. h4 Bh5 30. Re1 Bf7 31. Rxe8+ Bxe8 32. Bxd6 Qxd6 33. Qxd6 Rxd6 34. Rc7 b5 35. Ra7 Kf8 36. Kh2 Bd7 37. Kg3 h6 38. Kf4 g5+ 39. hxg5 hxg5+ 40. Ke4 Ke7 41. Kd4 g4 42. Bc2 g3 43. b4 Rb6 44. Bf5 Rb8 45. Rxd7+ Kf8 46. Rc7 1-0

[Event "GER-chA Seniors 28th"]
[Site "Niederhausen"]
[Date "2016.08.13"]
[Round "1"]
[White "Rache, Ralf"]
[Black "Kahn, Peter"]
[Result "1-0"]
[WhiteElo "1868"]
[BlackElo "2093"]
[PlyCount "57"]
[EventDate "2016.08.13"]
[EventType "swiss"]
[EventRounds "9"]
[EventCountry "GER"]
[SourceTitle "EXT 2019"]
[Source "ChessBase"]
[SourceDate "2018.10.10"]
[SourceVersion "1"]
[SourceVersionDate "2018.10.10"]
[SourceQuality "1"]

1. e4 e5 2. f4 Bc5 3. Nf3 d6 4. c3 Nf6 5. fxe5 dxe5 6. Nxe5 Nxe4 7. Qa4+ Nd7 8. Qxe4 Qe7 9. d4 Bd6 10. Bd3 Nf6 11. Bg5 Be6 12. 0-0 0-0-0 13. Bxf6 gxf6 14. Ba6 c5 15. Nc6 Qd7 16. Nxd8 Rxd8 17. Be2 f5 18. Qh4 Qc7 19. Na3 Be7 20. Qf2 Kb8 21. Nb5 Qb6 22. Qf4+ Kc8 23. a4 c4 24. b4 a6 25. Na3 Bd6 26. Qh4 Qc7 27. Rad1 Be7 28. Qf2 Bf6 29. Nxc4 1-0

[Event "WchT Seniors 65"]
[Site "Radebeul"]
[Date "2016.06.29"]
[Round "4.3"]
[White "Nyberg, Ulf"]
[Black "Kahn, Peter"]
[Result "1-0"]
[WhiteElo "2161"]
[BlackElo "2097"]
[PlyCount "59"]
[EventDate "2016.06.26"]
[EventType "team-swiss"]
[EventRounds "9"]
[EventCountry "GER"]
[SourceTitle "CBM 173 Extra"]
[Source "ChessBase"]
[SourceDate "2016.08.29"]
[SourceVersion "1"]
[SourceVersionDate "2016.08.29"]
[SourceQuality "1"]
[WhiteTeam "Sweden"]
[BlackTeam "Dresden TU"]
[WhiteTeamCountry "SWE"]
[BlackTeamCountry "GER"]

1. d4 d5 2. c4 c6 3. Nf3 Nf6 4. Nc3 e6 5. Bg5 Nbd7 6. e3 Be7 7. Bd3 dxc4 8. Bxc4 Nd5 9. Bxe7 Qxe7 10. 0-0 0-0 11. e4 N5f6 12. Qe2 b5 13. Bb3 a5 14. Rfe1 b4 15. Na4 Bb7 16. e5 Nd5 17. Rac1 N5b6 18. Nxb6 Nxb6 19. Bc2 Rfc8 20. h4 g6 21. Be4 Nd5 22. Rc5 Nb6 23. Rec1 Na4 24. R5c2 c5 25. Bxb7 Qxb7 26. dxc5 Rc6 27. Nd4 Rc7 28. c6 Qb6 29. Nb5 Rcc8 30. c7 1-0

[Event "Hessen-ch Seniors op 12th"]
[Site "Bad Sooden-Allendorf"]
[Date "2016.05.03"]
[Round "4"]
[White "Kahn, Peter"]
[Black "Szenetra, Werner"]
[Result "1/2-1/2"]
[WhiteElo "2092"]
[BlackElo "2195"]
[PlyCount "70"]
[EventDate "2016.04.30"]
[EventType "swiss"]
[EventRounds "9"]
[EventCountry "GER"]
[SourceTitle "EXT 2019"]
[Source "ChessBase"]
[SourceDate "2018.10.10"]
[SourceVersion "1"]
[SourceVersionDate "2018.10.10"]
[SourceQuality "1"]

1. d4 d6 2. c4 g6 3. Nc3 Bg7 4. e4 Nc6 5. Be3 e5 6. d5 Nce7 7. g4 c5 8. Bh3 Nf6 9. f3 h6 10. Qd2 g5 11. Nge2 Ng6 12. Ng3 Nf4 13. Bf1 h5 14. h3 Bd7 15. Bd3 a6 16. Kf2 Qb6 17. Rab1 Qa5 18. a3 Qc7 19. b4 b6 20. Nf5 Bf8 21. h4 Bxf5 22. exf5 cxb4 23. axb4 Bh6 24. Bxf4 exf4 25. hxg5 Bxg5 26. gxh5 a5 27. Nb5 Qd8 28. Rbg1 Nxh5 29. Nxd6+ Kf8 30. Ne4 Bh4+ 31. Ke2 Ng3+ 32. Nxg3 fxg3 33. Rxg3 Qe7+ 34. Be4 axb4 35. Qb2 Rh7 1/2-1/2

[Event "Hessen-ch Seniors op 12th"]
[Site "Bad Sooden-Allendorf"]
[Date "2016.04.30"]
[Round "1"]
[White "Rother, Wilfried"]
[Black "Kahn, Peter"]
[Result "0-1"]
[WhiteElo "1817"]
[BlackElo "2092"]
[PlyCount "68"]
[EventDate "2016.04.30"]
[EventType "swiss"]
[EventRounds "9"]
[EventCountry "GER"]
[SourceTitle "EXT 2019"]
[Source "ChessBase"]
[SourceDate "2018.10.10"]
[SourceVersion "1"]
[SourceVersionDate "2018.10.10"]
[SourceQuality "1"]

1. e4 e5 2. Bc4 Nc6 3. Nf3 Bc5 4. b4 Bxb4 5. 0-0 Nf6 6. c3 Be7 7. Re1 0-0 8. d4 d6 9. Bg5 h6 10. Bh4 Bg4 11. d5 Nb8 12. Bxf6 Bxf6 13. Nbd2 Nd7 14. Rb1 Nc5 15. Nf1 Bg5 16. Ng3 Bf4 17. h3 Bxg3 18. hxg4 Bf4 19. g3 Bg5 20. Kg2 g6 21. Qc2 Kg7 22. Rh1 Qd7 23. Nxg5 hxg5 24. f3 Rh8 25. Rxh8 Rxh8 26. Rh1 Rxh1 27. Kxh1 Qa4 28. Bb3 Qa3 29. f4 gxf4 30. gxf4 exf4 31. g5 Nxb3 32. axb3 Qa1+ 33. Kg2 Qe1 34. Qd3 Qe3 0-1

[Event "MVP-ch Seniors op 15th"]
[Site "Binz"]
[Date "2015.11.29"]
[Round "6.7"]
[White "Kahn, Peter"]
[Black "Neese, Hans Joachim"]
[Result "1/2-1/2"]
[WhiteElo "1945"]
[BlackElo "2032"]
[PlyCount "35"]
[EventDate "2015.11.24"]
[EventType "swiss"]
[EventRounds "9"]
[EventCountry "GER"]
[SourceTitle "EXT 2017"]
[Source "ChessBase"]
[SourceDate "2016.10.25"]
[SourceVersion "1"]
[SourceVersionDate "2016.10.25"]
[SourceQuality "1"]

1. d4 Nf6 2. Nf3 e6 3. c4 d5 4. e3 Nbd7 5. Nc3 Be7 6. Qc2 0-0 7. b3 b6 8. cxd5 Nxd5 9. Nxd5 exd5 10. Bd3 h6 11. 0-0 c5 12. Bb2 Bb7 13. Rac1 Rc8 14. Qe2 Rc7 15. Rfd1 Re8 16. dxc5 bxc5 17. Ne5 Nxe5 18. h3 1/2-1/2

[Event "GER-chA Seniors 27th"]
[Site "Magdeburg"]
[Date "2015.08.21"]
[Round "7"]
[White "Kahn, Peter"]
[Black "Rackowiak, Hans"]
[Result "0-1"]
[WhiteElo "2092"]
[BlackElo "1966"]
[PlyCount "100"]
[EventDate "2015.08.15"]
[EventType "swiss"]
[EventRounds "9"]
[EventCountry "GER"]
[SourceTitle "EXT 2018"]
[Source "ChessBase"]
[SourceDate "2017.10.13"]
[SourceVersion "1"]
[SourceVersionDate "2017.10.13"]
[SourceQuality "1"]

1. d4 d5 2. c4 dxc4 3. Nf3 Nf6 4. Nc3 e6 5. Bg5 Be7 6. e3 a6 7. a4 b6 8. Bxc4 Bb7 9. 0-0 0-0 10. Qe2 h6 11. Bh4 c5 12. dxc5 Bxc5 13. Rfd1 Qe7 14. Ne5 g5 15. Bg3 Nbd7 16. Nxd7 Nxd7 17. Qh5 Kg7 18. h4 Rh8 19. Bd3 f5 20. hxg5 hxg5 21. Qe2 Nf6 22. Be5 Bd6 23. Bxd6 Qxd6 24. f4 Qc7 25. Rac1 Kg6 26. Nd5 Qh7 27. e4 Qh2+ 28. Kf1 Bxd5 29. exd5 Qxf4+ 30. Qf2 Nxd5 31. Re1 Rh1+ 32. Ke2 Rxe1+ 33. Rxe1 Qxf2+ 34. Kxf2 Kf6 35. b3 a5 36. Bc4 Rd8 37. Rh1 Rd6 38. g3 Nc3 39. Ke3 Ke5 40. Re1 Ne4 41. Kf3 g4+ 42. Kg2 Rd2+ 43. Kg1 Kf6 44. Re3 e5 45. Kf1 Nc5 46. Ke1 Rb2 47. Kf1 f4 48. gxf4 exf4 49. Re1 f3 50. Re8 Kg5 0-1

[Event "GER-chA Seniors 27th"]
[Site "Magdeburg"]
[Date "2015.08.18"]
[Round "4"]
[White "Klimpel, Siegfried"]
[Black "Kahn, Peter"]
[Result "1/2-1/2"]
[WhiteElo "1801"]
[BlackElo "2092"]
[PlyCount "57"]
[EventDate "2015.08.15"]
[EventType "swiss"]
[EventRounds "9"]
[EventCountry "GER"]
[SourceTitle "EXT 2018"]
[Source "ChessBase"]
[SourceDate "2017.10.13"]
[SourceVersion "1"]
[SourceVersionDate "2017.10.13"]
[SourceQuality "1"]

1. d4 d5 2. Nc3 Nf6 3. Bg5 Nbd7 4. a3 c6 5. e3 Qc7 6. Nf3 e6 7. Bf4 Bd6 8. Bxd6 Qxd6 9. Be2 e5 10. dxe5 Nxe5 11. Nxe5 Qxe5 12. Qd4 Qxd4 13. exd4 Bf5 14. Rc1 0-0 15. 0-0 Rfe8 16. h3 Re7 17. Rfe1 Rae8 18. Kf1 h6 19. b4 Ne4 20. Nxe4 Bxe4 21. g3 g5 22. a4 Bg2+ 23. Kxg2 Rxe2 24. Kf1 Rxe1+ 25. Rxe1 Rxe1+ 26. Kxe1 f5 27. Ke2 Kf7 28. Kf3 Ke6 29. g4 1/2-1/2